00542 2200205 4500001002100000005001500021035002000036245005200056100001400108250001100122300003500133700001700168260004700185082001100232084001700243020002200260650003200282990001100314990001100325INLIS00000000000192620251218093533 a0010-12250000021 aPanduan Editing Video Untuk Pemula /cSu Rahman0 aSu Rahman aCet. 1 axii, 344 hlm :bilust ;c21 cm0 aRafika Wahyu aJakarta :bPT Elex Media Komputindo,c2024 a006.66 a006.66 SU p a978-623-005-820-2 4aPemrograman Komputer Grafis a004015 a004014